000 00335nam a2200133Ia 4500
008 200103s9999||||xx |||||||||||||| ||und||
040 _aIMU-MPC
082 _aColumn-14
100 _aGrant, G.A.A. and Klinkert, J.
245 4 _aThe ship's compass
260 _bRoutledge andKegan Paul, London
_c1981
300 _axi, 603
942 _cBK
999 _c5503
_d5503